LEADER 01258nam a2200277 a 4500 001 000000133331 003 CaOOAMICUS 005 20130326140028.0 008 130326s1998 it afb u000 u ita r 020 $z88-425-2431-X* 040 $aPUL$bita 100 1 $aJacobelli, Jader,$cO.I.M.,$d1918-$0(OLS)http://pul/name/40898 245 10$aMachiavelli e/o Guicciardini :$balle radici del realismo politico /$cJader Jacobelli. 260 $aMilano :$bMursia,$c©1998. 300 $a262 p., [6] c. di tav. :$bill., c. geogr. ;$c22 cm 504 $aBibliografia e indici in appendice. 600 14$aMachiavelli, Niccolò,$d1469-1527$xPensiero politico e sociale.$0(OLS)http://pul/subject/30035 600 14$aGuicciardini, Francesco,$d1483-1540xPensiero politico e sociale.$0(OLS)http://pul/subject/39464 850 $aPUL 852 $aPUL$W1$xDP1 Fondo E. Rossi$y115$m1 J 7$j153235$qFondi$B152786$CPULBib$Z2$F152786 $82 941 1 $a1 961 $aSul dorso collocazione ms. di E. Rossi: J 7 996 $6020$z88-425-2431-X*$9(OLS)http://pul/number/152250 996 $6245$aMachiavelli e/o Guicciardini :$balle radici del realismo politico$9(OLS)http://pul/title/168490 996 $6260$aMilano :$bMursia$9(OLS)http://pul/publisher/52430 LEADER 01097nam a2200277 a 4500 001 000000148193 003 CaOOAMICUS 005 20151215135613.0 008 151215s1973 it u000 u ita r 032 $aLibriCat 040 $aPUL$bita 100 1 $aLa Potterie, Ignace de,$cS.I.,$d1914-2003.$0(OLS)http://pul/name/9386 245 10$aGesù verità :$bstudi di cristologia giovannea /$cI. de la Potterie. 260 $aGenova :$bMarietti,$c1973. 300 $a216 p. ;$c25 cm. 490 1 $aCollana biblica 504 $aBibliografia in nota. 600 04$aIesus Christus$xStoria e critica.$0(OLS)http://pul/subject/27760 830 0$aCollana biblica.$0(OLS)http://pul/title/41836 850 $aPUL 852 $aPUL$W1$xDP1 Fondo Bordoni$y120$m3 D 9$j166244$qFondi$B172029$CPULBib$Z2$F172029 $HBor671 $81 900 $aDe La Potterie, Ignace,$cS.I.$99386 941 1 $a1 996 $6245$aGesù verità :$bstudi di cristologia giovannea$9(OLS)http://pul/title/186991 996 $6260$aGenova :$bMarietti$9(OLS)http://pul/publisher/48994